The king's pleasure

שמור ב:
מידע ביבליוגרפי
מחבר ראשי: Lofts, Norah
פורמט: ספר
שפה:Undetermined
יצא לאור: Garden City, New York Doubleday & Co 1979
נושאים:
תגים: הוספת תג
אין תגיות, היה/י הראשונ/ה לתייג את הרשומה!
Thư viện lưu trữ: Trung tâm Học liệu Trường Đại học Cần Thơ
LEADER 00514nam a2200193Ia 4500
001 CTU_43108
008 210402s9999 xx 000 0 und d
082 |a 813.54 
082 |b L829 
100 |a Lofts, Norah 
245 4 |a The king's pleasure 
245 0 |c Norah Lofts 
260 |a Garden City, New York 
260 |b Doubleday & Co 
260 |c 1979 
650 |a American fiction,American literature 
650 |y 20th century 
904 |i Minh 
980 |a Trung tâm Học liệu Trường Đại học Cần Thơ